00577cam a22002171 4500001001300000003000400013005001700017008004100034010001700075035001900092040001700111042001200128050001600140082001200156100002500168245005700193260004000250300003200290650002000322999001700342agr50000419 DLC20260227111013.0750828s1950 xx 000 0 eng  aagr50000419  a(OCoLC)1579115 aDLCcFMdDLC apremarc00aSF431b.B49 a636.7081 aBlackiston, Elliott.10aTeaching your dog obedience.bIllus. by Fred Ortman. aNew York,bCrown Publishersc[1950] avii, 154 p.billus.c24 cm. 0aDogsxTraining. c11170d11170